TV Opening Credits II Quiz Stats

 Plays Quiz Updated Oct 24, 2015

Score 0/20 Timer 08:00
0 Plays Today
% Correct
South Park
97.4%
Star Trek
88.6%
30 Rock
88.2%
I Love Lucy
87.7%
Buffy the Vampire Slayer
87.1%
House, M.D.
71.8%
The Twilight Zone
71.3%
Happy Days
68.8%
CSI: NY
64.5%
Six Feet Under
61.2%
% Correct
American Horror Story: Freakshow
49.7%
Community
48.8%
Parks and Recreation
43%
Archer
40.5%
Avatar: The Last Airbender
32.5%
Quantum Leap
30.4%
Supernatural
17.9%
Sons of Anarchy
13.7%
True Detective
13.7%
Hannibal
12.8%

You're not logged in!

Compare scores with friends on all Sporcle quizzes.
OR
Log In

You Might Also Like...

Show Comments

Extras

Top Quizzes Today


Score Distribution

Your Account Isn't Verified!

In order to create a playlist on Sporcle, you need to verify the email address you used during registration. Go to your Sporcle Settings to finish the process.

Report this User

Report this user for behavior that violates our Community Guidelines.

Details: